TOP 30 reprezentacji według rankingu FIBA - Statystyki

Ogólne statystyki
  • Ten quiz został rozwiązany 195 razy
  • Średni wynik to 21 z 30
Statystyki odpowiedzi
miejsce reprezentacja % Poprawnych
13. Polska
98%
7. Argentyna
94%
14. Brazylia
94%
2. Hiszpania
93%
4. Francja
92%
1. Stany Zjednoczone
92%
18. Kanada
91%
11. Niemcy
91%
15. Rosja
88%
29. Chiny
83%
24. Meksyk
83%
3. Australia
81%
10. Włochy
81%
6. Serbia
78%
21. Chorwacja
76%
8. Litwa
76%
5. Słowenia
76%
9. Grecja
75%
12. Czechy
74%
26. Łotwa
69%
16. Turcja
68%
23. Iran
53%
27. Nowa Zelandia
52%
30. Korea Południowa
46%
25. Czarnogóra
42%
17. Wenezuela
40%
22. Nigeria
39%
28. Tunezja
31%
20. Dominikana
25%
19. Portoryko
25%
Nie znaleziono quizów pasujących do podanych kryteriów
Rozkład punktacji
Procent ludzi z każdym wynikiem
Percentyl według liczby udzielonych odpowiedzi
Twoja historia wyników
Nie rozwiązałeś tego quizu